01159nam a2200277Ia 450000500170000000800410001702000150005808200180007310000350009124500720012625000190019830000420021749000310025950400270029060000680031765000450038594200120043026400340044233600270047633700330050333800280053604000350056499900150059995201340061495201330074820220317000702.0160601s2004 ck a g 000 0 spa  a958301357904a928.23 bC65v1 aVásquez, Juan Gabrield1973-10aJoseph Conrad bel hombre de ninguna parte cJuan Gabriel Vásquez a1a. edición  a93 páginas bilustraciones c22 cm  a100 personajes 100 autores aIncluye bibliografía14aConrad, Josephd1857 - 1924xCrítica e interpretación97699142LEMBaEscritores ingleses vBiografía  2ddccBK aBogotá bPanamericanac2004 atextobtxt2rdacontent asin mediaciónbn2rdamedia avolumenbnc2rdacarrier aCO-BoRNBPbspaerdacCO-BoRNBP c4766d4766 00102ddc40708GENaMEMAPIRIbMEMAPIRIcGENd2024-01-10l0o928.23 C65vpMAP00001641r2024-01-10 22:07:52tEj.1w2024-01-10yBK 00102lcc40708GENaMEPCONCObMEPCONCOcGENd2026-03-05l0o928.23 C65vpPCON02550r2026-03-05 21:02:52tEj.1w2026-03-05yBK